Missing Word: Sci-Fi and Fantasy Quiz Stats

 Plays Quiz Updated Sep 30, 2017

Score 0/15 Timer 02:00
0 Plays Today
Title Word % Correct
The ________ of OzWizard
98.1%
Brave ________ WorldNew
95.9%
The ________ MachineTime
93%
________ FarmAnimal
90.9%
The Man Who ________ Too MuchKnew
79.1%
________ SemataryPet
75.4%
The ________ GamesHunger
75.3%
________ 451Fahrenheit
71.6%
Title Word % Correct
I, ________Robot
70.1%
________ with the VampireInterview
67.9%
The Andromeda ________Strain
56.1%
The ________ CauldronBlack
52.8%
The ________ TaleHandmaid's
26.4%
The ________ of CthulhuCall
18.6%
Dragonriders of ________Pern
14.6%

Today's Daily Dose

Quick Pick
'M' Cities

Get the Picture
'South' Countries

You're not logged in!

Compare scores with friends on all Sporcle quizzes.
OR
Log In

Sporcle TV

Today on Sporcle TV


Watch our educational content, quiz creation guides, and fun videos on Sporcle TV.

Show Comments

Extras

Top Quizzes Today


Score Distribution

Your Account Isn't Verified!

In order to create a playlist on Sporcle, you need to verify the email address you used during registration. Go to your Sporcle Settings to finish the process.

Report this User

Report this user for behavior that violates our Community Guidelines.

Details: